000 00277nam a22001217a 4500
008 170330b xxu||||| |||| 00| 0 eng d
041 _aeng
080 _214TH
_a616-053.2
100 _a8
101 _ashm
245 _aPEDIATRIC DOSAGE HANDBOOK
_cTAKETOMO, C.K
942 _2udc
_cBK
999 _c9099
_d9099